Normal view
MARC view
- Jianwen Wei
Entry Personal Name
001 - CONTROL NUMBER
- control field: 15017
003 - CONTROL NUMBER IDENTIFIER
- control field: NUST
005 - DATE AND TIME OF LATEST TRANSACTION
- control field: 20190618110053.0
008 - FIXED-LENGTH DATA ELEMENTS
- fixed length control field: 190618|| aca||aabn | a|a d
040 ## - CATALOGING SOURCE
- Original cataloging agency: NUST
- Transcribing agency: NUST
100 ## - HEADING--PERSONAL NAME
- Personal name: Jianwen Wei
670 ## - SOURCE DATA FOUND
- Source citation: Work cat.: (NUST): Jianwen Wei, Transformation and promotion ; Interpreting china urbanization , 2014
